Philadelphia architecture in the nineteenth century / (Record no. 19528)
[ view plain ]
| 000 -LEADER | |
|---|---|
| fixed length control field | 01045cam a22002652 4500 |
| 001 - CONTROL NUMBER | |
| control field | 19528 |
| 003 - CONTROL NUMBER IDENTIFIER | |
| rucl marc code | BD-RjUL |
| 005 - DATE AND TIME OF LATEST TRANSACTION | |
| control field | 20211209000438.0 |
| 008 - FIXED-LENGTH DATA ELEMENTS--GENERAL INFORMATION | |
| fixed length control field | 140224s1953 pauae c 000 0 eng |
| 035 ## - SYSTEM CONTROL NUMBER | |
| System control number | (BD-RjUL)19588 |
| 040 ## - CATALOGING SOURCE | |
| Original cataloging agency | DLC |
| Transcribing agency | DZM |
| Modifying agency | SER |
| -- | OCL |
| -- | EQO |
| -- | BD-RjUL |
| Language of cataloging | eng |
| 041 ## - LANGUAGE CODE | |
| Language code of text/sound track or separate title | eng |
| 082 ## - DEWEY DECIMAL CLASSIFICATION NUMBER | |
| Classification number | 720.9748 |
| Author mark and year | PHI |
| 110 2# - MAIN ENTRY--CORPORATE NAME | |
| Corporate name or jurisdiction name as entry element | Philadelphia Art Alliance. |
| 9 (RLIN) | 59985 |
| 245 10 - TITLE STATEMENT | |
| Title | Philadelphia architecture in the nineteenth century / |
| Statement of responsibility, etc. | Theo B. White, editor, William P. Harbeson [and others] |
| 260 ## - PUBLICATION, DISTRIBUTION, ETC. (IMPRINT) | |
| Place of publication, distribution, etc. | Philadelphia : |
| Name of publisher, distributor, etc. | Published for the Philadelphia Art Alliance by the University of Pennsylvania Press, |
| Date of publication, distribution, etc. | 1953. |
| 300 ## - PHYSICAL DESCRIPTION | |
| Pagination | 36, [86] p. : |
| Illustrations | ill. ; |
| Size | 32 cm. |
| 500 ## - GENERAL NOTE | |
| General note | "A catalogue of the best examples of the exhibition held in the ... galleries of the Art Alliance in May and June of 1953." |
| 650 #0 - SUBJECT ADDED ENTRY--TOPICAL TERM | |
| Topical term or geographic name as entry element | Architecture |
| Geographic subdivision | Pennsylvania |
| -- | Philadelphia. |
| 9 (RLIN) | 59986 |
| Topical term or geographic name as entry element | Architecture |
| Form subdivision | Exhibitions. |
| 9 (RLIN) | 59987 |
| 700 1# - ADDED ENTRY--PERSONAL NAME | |
| Personal name | White, Theophilus Ballou, |
| Dates associated with a name | 1903- |
| 942 ## - ADDED ENTRY ELEMENTS (KOHA) | |
| Source of classification or shelving scheme | Dewey Decimal Classification |
| Koha item type | Books |
| Lost status | Source of classification or shelving scheme | Damaged status | Not for loan | Collection code | Permanent Location | Current Location | Shelving location | Date acquired | Source of acquisition | Cost, normal purchase price | Total Checkouts | Full call number | Date last seen | Copy number | Koha item type |
|---|---|---|---|---|---|---|---|---|---|---|---|---|---|---|---|
| Dewey Decimal Classification | Not For Loan | Non-fiction | Central Library, University of Rajshahi | Central Library, University of Rajshahi | Reading Room | 26/02/1958 | U.S.I.S Gift | 0.00 | 720.9748 PHI 1953 | 24/02/2014 | C-1 | Books |